[Event "Oberliga Ost-A 1718"]
[Site "Germany"]
[Date "2017.11.11"]
[Round "2.4"]
[White "Schnoor, Ekkehard"]
[Black "Haertig, Jens"]
[Result "1/2-1/2"]
[WhiteElo "2173"]
[BlackElo "2140"]
[PlyCount "102"]
[EventDate "2017.10.22"]
[EventType "team-tourn"]
[EventRounds "11"]
[EventCountry "GER"]
[SourceTitle "EXT 2019"]
[Source "ChessBase"]
[SourceDate "2018.10.10"]
[SourceVersion "1"]
[SourceVersionDate "2018.10.10"]
[SourceQuality "1"]
[WhiteTeam "Dresden Gruen Weiss"]
[BlackTeam "Naumburg"]
[WhiteTeamCountry "GER"]
[BlackTeamCountry "GER"]

1. e4 c5 2. Nf3 d6 3. Bb5+ Nc6 4. 0-0 e6 5. Re1 Nge7 6. c3 a6 7. Bf1 d5 8. exd5 Nxd5 9. d4 Be7 10. dxc5 Bxc5 11. Nbd2 0-0 12. Ne4 Be7 13. Bd3 h6 14. Ng3 Bd7 15. Qe2 Qc7 16. Nh5 f5 17. c4 Ndb4 18. Bb1 a5 19. Nf4 Rf6 20. Nh5 Rf7 21. Nf4 Rf6 22. b3 Bd6 23. Nh5 Rg6 24. Bb2 Re8 25. h3 Rf8 26. a3 Na6 27. Bc2 Nc5 28. Rad1 Be8 29. Nxg7 Rxg7 30. Bxg7 Kxg7 31. Qd2 Be7 32. b4 axb4 33. axb4 Ne4 34. Bxe4 fxe4 35. Rxe4 Bg6 36. Rxe6 Bf6 37. b5 Ne5 38. Nxe5 Bxe5 39. Qe2 Bf6 40. b6 Qf4 41. Rd7+ Rf7 42. Rxf7+ Kxf7 43. Re8 Kg7 44. Rc8 Be4 45. Rc7+ Kf8 46. Qd1 Bc6 47. Qh5 Qc1+ 48. Kh2 Qf4+ 49. Kg1 Qc1+ 50. Kh2 Qf4+ 51. Kg1 Qc1+ 1/2-1/2

[Event "Berlin Kreuzberg op"]
[Site "Berlin"]
[Date "2015.07.19"]
[Round "9"]
[White "Krefenstein, Sergej"]
[Black "Schnoor, Ekkehard"]
[Result "1-0"]
[WhiteElo "2182"]
[BlackElo "2141"]
[PlyCount "109"]
[EventDate "2015.07.11"]
[EventType "swiss"]
[EventRounds "9"]
[EventCountry "GER"]
[SourceTitle "CBM 167 Extra"]
[Source "ChessBase"]
[SourceDate "2015.09.14"]
[SourceVersion "1"]
[SourceVersionDate "2015.09.14"]
[SourceQuality "1"]

1. e4 c5 2. Nc3 a6 3. g3 b5 4. Bg2 Bb7 5. d3 e6 6. Bf4 d6 7. Nf3 Nc6 8. 0-0 b4 9. Ne2 Nf6 10. a3 a5 11. axb4 axb4 12. Rxa8 Qxa8 13. Qa1 Qxa1 14. Rxa1 Nd7 15. Nd2 Nb6 16. Nb3 Kd7 17. Be3 Be7 18. e5 c4 19. exd6 Bxd6 20. Nc5+ Bxc5 21. Bxc5 cxd3 22. Nf4 Nd5 23. Nxd5 exd5 24. cxd3 d4 25. Bxd4 Nxd4 26. Bxb7 Re8 27. Bd5 Re2 28. b3 f5 29. Kg2 Kd6 30. Bc4 Rb2 31. Ra4 Kc5 32. Ra5+ Kc6 33. Ra7 Nxb3 34. Rxg7 Nd2 35. Be6 Nb3 36. Bxf5 Nd4 37. Bxh7 b3 38. Be4+ Kc5 39. Rb7 Ra2 40. h4 Ra4 41. h5 Nb5 42. d4+ Rxd4 43. Bg6 b2 44. f4 Kc6 45. Rb8 Kc5 46. Re8 Rd6 47. Re1 Nc3 48. Kh3 Kc6 49. Kh4 Kd7 50. Kg5 Nd1 51. Bf5+ Kd8 52. h6 Rd5 53. Re5 Rd2 54. h7 Rh2 55. Rd5+ 1-0

[Event "BL2-Nord 1415"]
[Site "Germany"]
[Date "2015.03.15"]
[Round "8.6"]
[White "Pritchett, Craig William"]
[Black "Schnoor, Ekkehard"]
[Result "0-1"]
[WhiteElo "2334"]
[BlackElo "2165"]
[PlyCount "148"]
[EventDate "2014.09.21"]
[EventType "team-tourn"]
[EventRounds "9"]
[EventCountry "GER"]
[SourceTitle "CBM 166 Extra"]
[Source "ChessBase"]
[SourceDate "2015.06.18"]
[SourceVersion "1"]
[SourceVersionDate "2015.06.18"]
[SourceQuality "1"]
[WhiteTeam "Berlin Zehlendorf"]
[BlackTeam "Berlin Kreuzberg"]
[WhiteTeamCountry "GER"]
[BlackTeamCountry "GER"]

1. Nf3 Nf6 2. c4 g6 3. Nc3 Bg7 4. e4 d6 5. d4 0-0 6. Be2 e5 7. 0-0 Nh5 8. Re1 Nf4 9. Bf1 Bg4 10. dxe5 dxe5 11. Nd5 Ne6 12. h3 Bxf3 13. Qxf3 Nc6 14. Be3 Ncd4 15. Qd1 c6 16. Nc3 Qe7 17. Rc1 Rfc8 18. Qg4 Qb4 19. b3 Qa3 20. Qg3 Nc5 21. f3 a5 22. Qf2 Qb4 23. Nb1 Nce6 24. Kh2 Qf8 25. Nc3 Bh6 26. Na4 Bxe3 27. Qxe3 Nc5 28. Nc3 Nce6 29. Na4 Nc5 30. Nc3 Qe7 31. Nd1 Nce6 32. Nf2 h5 33. Nd3 Nc5 34. Nf2 Kg7 35. f4 exf4 36. Qxf4 a4 37. b4 Nce6 38. Qe5+ f6 39. Qg3 Qxb4 40. c5 Nxc5 41. e5 f5 42. a3 Qb6 43. Qh4 Nde6 44. Bc4 Rf8 45. Rcd1 Qc7 46. Rd6 Rae8 47. Red1 Kh6 48. Ba2 Qe7 49. Qc4 Qg5 50. Kg1 Qe3 51. Qc1 Qxc1 52. Rxc1 h4 53. Rc4 Kg5 54. Rb4 Re7 55. Nd1 Rd8 56. Nc3 Rxd6 57. exd6 Rd7 58. Bxe6 Nxe6 59. Nxa4 b5 60. Nc3 Rxd6 61. a4 bxa4 62. Rxa4 Rd2 63. Ra5 Kf4 64. Kf1 Kg3 65. Ra3 Kh2 66. Ne2 Rd1+ 67. Kf2 Nc5 68. Ke3 g5 69. Ra5 Rd3+ 70. Kf2 Ne4+ 71. Ke1 f4 72. Ra4 Re3 73. Kd1 Rxe2 74. Kxe2 Nc3+ 0-1

[Event "BL2-Nord 1415"]
[Site "Germany"]
[Date "2015.02.22"]
[Round "7.6"]
[White "Schnoor, Ekkehard"]
[Black "Engel, Luis"]
[Result "0-1"]
[WhiteElo "2165"]
[BlackElo "2080"]
[PlyCount "108"]
[EventDate "2014.09.21"]
[EventType "team-tourn"]
[EventRounds "9"]
[EventCountry "GER"]
[SourceTitle "CBM 166 Extra"]
[Source "ChessBase"]
[SourceDate "2015.06.18"]
[SourceVersion "1"]
[SourceVersionDate "2015.06.18"]
[SourceQuality "1"]
[WhiteTeam "Berlin Kreuzberg"]
[BlackTeam "Hamburger SK II"]
[WhiteTeamCountry "GER"]
[BlackTeamCountry "GER"]

1. Nf3 g6 2. g3 Bg7 3. Bg2 Nf6 4. 0-0 0-0 5. d3 d5 6. Nbd2 c5 7. e4 Nc6 8. Re1 e6 9. c3 b6 10. e5 Nd7 11. d4 a5 12. Nf1 Ba6 13. Bg5 Qc7 14. Rc1 Rfb8 15. Qd2 Bxf1 16. Bxf1 b5 17. Bd3 c4 18. Bc2 b4 19. Ba4 Ra6 20. h4 bxc3 21. bxc3 Rab6 22. Kg2 Bf8 23. Nh2 Rb2 24. Rc2 Rxc2 25. Qxc2 Nb6 26. Bxc6 Qxc6 27. Rb1 Nd7 28. Ng4 Rb7 29. Qc1 Qc8 30. h5 Rxb1 31. Qxb1 Qb8 32. Nf6+ Kh8 33. Qc1 Nxf6 34. Bxf6+ Kg8 35. Qd2 Qb5 36. Qc1 Qb8 37. Qc2 Qb5 38. Qc1 Qb8 39. Qg5 Qe8 40. g4 Qa4 41. Qd2 Qb5 42. h6 Qb1 43. Bd8 a4 44. Bc7 Be7 45. Bd6 Bd8 46. Ba3 Qe4+ 47. f3 Qb1 48. g5 Ba5 49. Qb2 Qxb2+ 50. Bxb2 a3 51. Ba1 f6 52. exf6 Bc7 53. Kh3 Bf4 54. Kg4 Bc1 0-1

[Event "Dresden ZMD op 23rd"]
[Site "Dresden"]
[Date "2014.08.16"]
[Round "2"]
[White "Satyapragyan, Swayangsu"]
[Black "Schnoor, Ekkehard"]
[Result "1-0"]
[WhiteElo "2401"]
[BlackElo "2165"]
[PlyCount "69"]
[EventDate "2014.08.15"]
[EventType "swiss"]
[EventRounds "9"]
[EventCountry "GER"]
[SourceTitle "CBM 161 Extra"]
[Source "ChessBase"]
[SourceDate "2014.08.29"]
[SourceVersion "1"]
[SourceVersionDate "2014.08.29"]
[SourceQuality "1"]

1. e4 c5 2. Nc3 a6 3. Nge2 b5 4. d4 cxd4 5. Nxd4 Bb7 6. Bd3 e6 7. 0-0 Qc7 8. Re1 d6 9. a4 bxa4 10. Bg5 Nd7 11. Rxa4 Be7 12. Bxe7 Nxe7 13. Qa1 Qc8 14. Nb3 Nc6 15. Qc1 0-0 16. Re3 Nb6 17. Ra1 Qc7 18. Rg3 Kh8 19. Qg5 f6 20. Qh5 Nb4 21. Rh3 h6 22. Re1 e5 23. Nd2 Rfd8 24. Nf3 d5 25. Nh4 Bc8 26. Rg3 d4 27. Ne2 Be6 28. f4 exf4 29. Nxf4 Bf7 30. Nhg6+ Bxg6 31. Nxg6+ Kg8 32. Nh4 Nxd3 33. cxd3 Kh8 34. Rf1 Nd7 35. Nf5 1-0

[Event "Dresden ZMD op 23rd"]
[Site "Dresden"]
[Date "2014.08.15"]
[Round "1"]
[White "Schnoor, Ekkehard"]
[Black "Naegele, Hans Juergen"]
[Result "1-0"]
[WhiteElo "2165"]
[BlackElo "1901"]
[PlyCount "47"]
[EventDate "2014.08.15"]
[EventType "swiss"]
[EventRounds "9"]
[EventCountry "GER"]
[SourceTitle "CBM 161 Extra"]
[Source "ChessBase"]
[SourceDate "2014.08.29"]
[SourceVersion "1"]
[SourceVersionDate "2014.08.29"]
[SourceQuality "1"]

1. e4 g6 2. d4 Bg7 3. Nc3 d6 4. Be2 Nd7 5. Nf3 h6 6. Be3 e6 7. Qd2 a6 8. 0-0 Ne7 9. Rfe1 g5 10. h3 Ng6 11. Bf1 0-0 12. Nh2 c5 13. Rad1 Qa5 14. Ng4 f5 15. exf5 exf5 16. Nxh6+ Bxh6 17. Bxg5 Bg7 18. Bc4+ Kh7 19. Qe2 Nf6 20. Nd5 Ng8 21. Qh5+ Nh6 22. Ne7 Nh8 23. Ng8 Rxg8 24. Re7 1-0

[Event "Berlin Lichtenrade op 09th"]
[Site "Berlin"]
[Date "2013.10.03"]
[Round "6"]
[White "Schnoor, Ekkehard"]
[Black "Lerch, Philipp"]
[Result "0-1"]
[WhiteElo "2091"]
[BlackElo "2163"]
[PlyCount "72"]
[EventDate "2013.09.28"]
[EventType "swiss"]
[EventRounds "9"]
[EventCountry "GER"]
[SourceTitle "CBM 156 Extra"]
[Source "ChessBase"]
[SourceDate "2013.10.22"]
[SourceVersion "1"]
[SourceVersionDate "2013.10.22"]
[SourceQuality "1"]

1. Nf3 d5 2. g3 c6 3. Bg2 Bg4 4. 0-0 Nd7 5. d3 Ngf6 6. Nbd2 e6 7. h3 Bh5 8. e4 dxe4 9. dxe4 Bxf3 10. Qxf3 Bc5 11. Qe2 Qc7 12. Kh1 e5 13. Nc4 0-0 14. Ne3 Rfe8 15. Nf5 Bf8 16. Bg5 h6 17. Bd2 Nc5 18. Rad1 Rad8 19. h4 Kh7 20. b4 Ne6 21. c3 a5 22. a3 axb4 23. axb4 Ra8 24. Ra1 Red8 25. Rfd1 b5 26. Bf3 Qb7 27. Ne3 Bxb4 28. Rab1 Bf8 29. Ng4 Nxg4 30. Bxg4 Ra2 31. Bf5+ Kg8 32. Bxe6 fxe6 33. Qe1 Qf7 34. Kg2 Qg6 35. Ra1 Rb2 36. Rab1 Rbxd2 0-1

[Event "Dresden ZMD op 22nd"]
[Site "Dresden"]
[Date "2013.08.18"]
[Round "9"]
[White "Osmanodja, Filiz"]
[Black "Schnoor, Ekkehard"]
[Result "1-0"]
[WhiteElo "2290"]
[BlackElo "2059"]
[PlyCount "61"]
[EventDate "2013.08.10"]
[EventType "swiss"]
[EventRounds "9"]
[EventCountry "GER"]
[SourceTitle "CBM 155 Extra"]
[Source "ChessBase"]
[SourceDate "2013.08.26"]
[SourceVersion "1"]
[SourceVersionDate "2013.08.26"]
[SourceQuality "1"]

1. e4 c5 2. Nf3 d6 3. d4 cxd4 4. Nxd4 Nf6 5. Nc3 a6 6. Be3 e5 7. Nf3 Be7 8. Bc4 0-0 9. 0-0 Qc7 10. Bb3 Be6 11. Re1 Rc8 12. Re2 b5 13. a4 Bc4 14. axb5 Bxe2 15. Qxe2 Nbd7 16. bxa6 Nb6 17. Nd2 Bd8 18. Bxb6 Qxb6 19. Ra2 h6 20. Nc4 Qb8 21. Ne3 Rc6 22. Ned5 Ra7 23. Bc4 Qc8 24. b3 Kf8 25. h3 Bb6 26. Nxf6 gxf6 27. Nd5 Bd8 28. Qe3 Qa8 29. Qxh6+ Kg8 30. Ne3 Rxc4 31. Nf5 1-0

[Event "Dresden ZMD op 22nd"]
[Site "Dresden"]
[Date "2013.08.13"]
[Round "4"]
[White "Siedentopf, Daniel"]
[Black "Schnoor, Ekkehard"]
[Result "1-0"]
[WhiteElo "2311"]
[BlackElo "2059"]
[PlyCount "45"]
[EventDate "2013.08.10"]
[EventType "swiss"]
[EventRounds "9"]
[EventCountry "GER"]
[SourceTitle "CBM 155 Extra"]
[Source "ChessBase"]
[SourceDate "2013.08.26"]
[SourceVersion "1"]
[SourceVersionDate "2013.08.26"]
[SourceQuality "1"]

1. d4 Nf6 2. c4 b6 3. f3 Nc6 4. Nc3 e5 5. d5 Ne7 6. Nh3 Ng6 7. Nf2 Be7 8. g3 h5 9. h4 a5 10. e3 Ba6 11. Bd3 Nf8 12. Qe2 g6 13. f4 exf4 14. exf4 d6 15. Be3 N8d7 16. Bd4 Kf8 17. 0-0-0 Nc5 18. f5 Nxd3+ 19. Qxd3 Rg8 20. Rde1 Bc8 21. Qe3 gxf5 22. Qh6+ Rg7 23. Rxe7 1-0

[Event "Oberliga Ost-A 1213"]
[Site "Germany"]
[Date "2013.04.14"]
[Round "11.5"]
[White "Schnoor, Ekkehard"]
[Black "Scholz, Markus"]
[Result "1/2-1/2"]
[WhiteElo "2001"]
[BlackElo "2148"]
[PlyCount "56"]
[EventDate "2012.10.14"]
[EventType "team-tourn"]
[EventRounds "11"]
[EventCountry "GER"]
[SourceTitle "EXT 2014"]
[Source "ChessBase"]
[SourceDate "2013.11.20"]
[SourceVersion "1"]
[SourceVersionDate "2013.11.20"]
[SourceQuality "1"]
[WhiteTeam "Dresden Gruen Weiss"]
[BlackTeam "Leipzig VfB"]
[WhiteTeamCountry "GER"]
[BlackTeamCountry "GER"]

1. e4 e5 2. Nf3 Nc6 3. Bb5 a6 4. Bxc6 dxc6 5. 0-0 Bg4 6. h3 h5 7. d3 Bxf3 8. Qxf3 Qf6 9. Qxf6 Nxf6 10. Be3 Bd6 11. Nd2 Nd7 12. Nc4 0-0-0 13. f4 f6 14. fxe5 Nxe5 15. Nxd6+ cxd6 16. Bf4 Rhe8 17. Rae1 Re6 18. Bg3 Rde8 19. Rf5 g6 20. Rf2 Nd7 21. Rfe2 d5 22. Kf2 dxe4 23. Rxe4 Rxe4 24. Rxe4 Rxe4 25. dxe4 Kd8 26. Ke3 Ke7 27. Kd4 Ke6 28. b4 f5 1/2-1/2

[Event "Berlin Lichtenrade op 08th"]
[Site "Berlin"]
[Date "2012.10.06"]
[Round "8"]
[White "Schnoor, Ekkehard"]
[Black "Colpe, Malte"]
[Result "1-0"]
[WhiteElo "2021"]
[BlackElo "2349"]
[PlyCount "59"]
[EventDate "2012.09.29"]
[EventType "swiss"]
[EventRounds "9"]
[EventCountry "GER"]
[SourceTitle "CBM 150 Extra"]
[Source "ChessBase"]
[SourceDate "2012.10.19"]
[SourceVersion "1"]
[SourceVersionDate "2012.10.19"]
[SourceQuality "1"]

1. e4 c5 2. Nf3 d6 3. d4 cxd4 4. Nxd4 Nf6 5. Nc3 a6 6. g3 e5 7. Nb3 Nbd7 8. a4 b6 9. Bg2 Bb7 10. 0-0 Be7 11. Re1 0-0 12. Nd2 Rc8 13. Nf1 Re8 14. Ne3 g6 15. Ncd5 Nxd5 16. Nxd5 Bxd5 17. Qxd5 Rxc2 18. Qb3 Qc7 19. Bf1 Ra8 20. Be3 Rc6 21. Rec1 Rxc1 22. Rxc1 Qd8 23. Bc4 Qe8 24. Bd5 Rb8 25. Rc7 Nc5 26. Qa2 Qd8 27. Bxf7+ Kg7 28. Ra7 Nxe4 29. Qe6 Kf8 30. Bh6# 1-0

[Event "Berlin Lichtenrade op 08th"]
[Site "Berlin"]
[Date "2012.10.05"]
[Round "7"]
[White "Noetzel, Felix"]
[Black "Schnoor, Ekkehard"]
[Result "0-1"]
[WhiteElo "2108"]
[BlackElo "2021"]
[PlyCount "51"]
[EventDate "2012.09.29"]
[EventType "swiss"]
[EventRounds "9"]
[EventCountry "GER"]
[SourceTitle "CBM 150 Extra"]
[Source "ChessBase"]
[SourceDate "2012.10.19"]
[SourceVersion "1"]
[SourceVersionDate "2012.10.19"]
[SourceQuality "1"]

1. e4 c5 2. Nf3 d6 3. d4 cxd4 4. Nxd4 Nf6 5. Nc3 a6 6. Be3 e5 7. Nb3 Be6 8. f3 Be7 9. Qd2 0-0 10. 0-0-0 Nbd7 11. Qf2 b5 12. g4 Bxg4 13. Rg1 Bh5 14. Bh3 Rb8 15. Qg2 Bg6 16. Bf5 Kh8 17. h4 Rg8 18. Bh3 Nb6 19. Kb1 Nc4 20. Bc1 a5 21. Bg4 h6 22. h5 Bh7 23. Qe2 Qc7 24. Nd5 Nxd5 25. Rxd5 Qb6 26. Bd7 0-1

[Event "Berlin Lichtenrade op 08th"]
[Site "Berlin"]
[Date "2012.10.01"]
[Round "3"]
[White "Gruzmann, Boris"]
[Black "Schnoor, Ekkehard"]
[Result "1-0"]
[WhiteElo "2303"]
[BlackElo "2021"]
[PlyCount "71"]
[EventDate "2012.09.29"]
[EventType "swiss"]
[EventRounds "9"]
[EventCountry "GER"]
[SourceTitle "CBM 150 Extra"]
[Source "ChessBase"]
[SourceDate "2012.10.19"]
[SourceVersion "1"]
[SourceVersionDate "2012.10.19"]
[SourceQuality "1"]

1. e4 c5 2. Nf3 d6 3. d4 cxd4 4. Nxd4 Nf6 5. Nc3 a6 6. f4 e5 7. Nf3 Nbd7 8. a4 Be7 9. Bc4 Qa5 10. Qe2 0-0 11. Bd2 exf4 12. Nd5 Qd8 13. Bxf4 Nxd5 14. Bxd5 Nf6 15. Bb3 Be6 16. Bxe6 fxe6 17. 0-0 e5 18. Bg5 Rc8 19. c4 Ng4 20. Bxe7 Qxe7 21. Rac1 Qc7 22. c5 dxc5 23. Ng5 Rxf1+ 24. Rxf1 Nh6 25. Qc4+ Kh8 26. Qe6 c4 27. Kh1 c3 28. bxc3 Qxc3 29. h3 Qc6 30. Qxe5 Qxa4 31. Qe7 Qe8 32. Qxb7 a5 33. e5 a4 34. e6 Rb8 35. Qe4 Qg6 36. e7 1-0

[Event "GER-ch Net qual4 U25"]
[Site "Playchess.com INT"]
[Date "2012.09.12"]
[Round "4"]
[White "Bluebaum, Johanna"]
[Black "Schnoor, Ekkehard"]
[Result "1-0"]
[WhiteElo "1938"]
[BlackElo "1997"]
[PlyCount "69"]
[EventDate "2012.09.12"]
[EventType "swiss (blitz)"]
[EventRounds "7"]
[EventCountry "GER"]
[SourceTitle "CBM 150 Extra"]
[Source "ChessBase"]
[SourceDate "2012.10.19"]
[SourceVersion "1"]
[SourceVersionDate "2012.10.19"]
[SourceQuality "1"]

1. d4 d5 2. c4 dxc4 3. e4 Nf6 4. Nc3 e5 5. d5 c6 6. Bxc4 cxd5 7. exd5 a6 8. Nge2 Bc5 9. 0-0 0-0 10. Bg5 h6 11. Bh4 g5 12. Bg3 b5 13. Bb3 Nbd7 14. Rc1 Bb7 15. d6 Qb6 16. Nd5 Bxd5 17. Bxd5 Rad8 18. Nc3 Qxd6 19. Bb3 Qxd1 20. Rfxd1 Bd4 21. Ne2 Bxb2 22. Rc2 Ba3 23. Rc6 Nc5 24. Rxf6 Nxb3 25. Rb1 Nd2 26. Re1 Ne4 27. Rxa6 Bb4 28. Rf1 Rd2 29. Nc1 f6 30. Nb3 Re2 31. f3 Nd2 32. Nxd2 Bxd2 33. Rd1 Kg7 34. Kf1 Re3 35. Rxd2 1-0

[Event "GER-ch Net qual3 U25"]
[Site "Playchess.com INT"]
[Date "2012.09.08"]
[Round "3"]
[White "Weichlein, Paul"]
[Black "Schnoor, Ekkehard"]
[Result "1-0"]
[WhiteElo "1993"]
[BlackElo "1997"]
[PlyCount "125"]
[EventDate "2012.09.08"]
[EventType "swiss (blitz)"]
[EventRounds "7"]
[EventCountry "GER"]
[SourceTitle "CBM 150 Extra"]
[Source "ChessBase"]
[SourceDate "2012.10.19"]
[SourceVersion "1"]
[SourceVersionDate "2012.10.19"]
[SourceQuality "1"]

1. d4 d5 2. c4 dxc4 3. Nf3 Nf6 4. e3 Bg4 5. Bxc4 e6 6. h3 Bh5 7. Nbd2 a6 8. 0-0 c5 9. Qb3 b5 10. Be2 c4 11. Qc2 Nc6 12. b3 Nb4 13. Qb2 c3 14. Qxc3 Rc8 15. Qb2 Nc2 16. a4 Nxa1 17. Qxa1 Qb6 18. axb5 axb5 19. Ba3 Ra8 20. Bc5 Rxa1 21. Bxb6 Rxf1+ 22. Kxf1 b4 23. Bb5+ Nd7 24. Ne5 Bd6 25. Nxd7 Ke7 26. Nc4 Bd1 27. Ba4 Bxb3 28. Bxb3 Kxd7 29. Nxd6 Kxd6 30. Bc5+ Kc7 31. Ke2 Rb8 32. Kd3 Kc6 33. Kc4 Ra8 34. Bxb4 Ra1 35. Bc2 Rf1 36. f4 Rf2 37. Be4+ Kb6 38. Bc5+ Kc7 39. Bf8 f5 40. Bf3 g6 41. h4 Rc2+ 42. Kd3 Rc1 43. d5 exd5 44. Bxd5 Rd1+ 45. Kc4 Rc1+ 46. Kd4 Rd1+ 47. Ke5 Re1 48. Bc5 Rc1 49. Bd4 Rh1 50. Kf6 Rxh4 51. Be5+ Kb6 52. Kg7 Kc5 53. Bf3 Rh1 54. Bd4+ Kc4 55. Bf6 Kd3 56. Bd4 Rh2 57. Kf6 Rh1 58. g4 fxg4 59. Bxh1 g3 60. Bg2 Ke2 61. e4 Kd3 62. Ba7 h5 63. Kg5 1-0

[Event "GER-ch Net qual2 U25"]
[Site "Playchess.com INT"]
[Date "2012.09.05"]
[Round "5"]
[White "Harff, Marcel"]
[Black "Schnoor, Ekkehard"]
[Result "1-0"]
[WhiteElo "2229"]
[BlackElo "1997"]
[PlyCount "101"]
[EventDate "2012.09.05"]
[EventType "swiss (blitz)"]
[EventRounds "7"]
[EventCountry "GER"]
[SourceTitle "CBM 150 Extra"]
[Source "ChessBase"]
[SourceDate "2012.10.19"]
[SourceVersion "1"]
[SourceVersionDate "2012.10.19"]
[SourceQuality "1"]

1. c4 Nf6 2. g3 g6 3. Bg2 Bg7 4. Nc3 0-0 5. d3 d6 6. e4 c5 7. Nge2 Bg4 8. f3 Bd7 9. 0-0 Nc6 10. Be3 Ne8 11. d4 cxd4 12. Nxd4 Nc7 13. Nxc6 bxc6 14. Bd4 Bxd4+ 15. Qxd4 Ne6 16. Qf2 c5 17. Rfd1 Nd4 18. f4 e5 19. f5 f6 20. g4 g5 21. h4 h6 22. Rd3 Bc6 23. Rh3 Rf7 24. Bf3 Rh7 25. Kg2 Rb8 26. Rah1 Qb6 27. hxg5 Qxb2 28. Nd1 Qxf2+ 29. Nxf2 fxg5 30. Rxh6 Rxh6 31. Rxh6 Rb2 32. Rxd6 Rxa2 33. Rg6+ Kf8 34. Rxg5 Ra3 35. Bd1 Ra2 36. Kf1 Nc2 37. Bxc2 Rxc2 38. f6 Rxc4 39. Rxe5 a5 40. g5 Rc1+ 41. Kg2 a4 42. g6 a3 43. g7+ Kg8 44. Re6 a2 45. Rxc6 a1Q 46. Rc8+ Kf7 47. g8Q+ Kxf6 48. Ng4+ Ke7 49. Rc7+ Kd6 50. Qd8+ Ke6 51. Re7# 1-0

[Event "GER-ch Net qual2 U25"]
[Site "Playchess.com INT"]
[Date "2012.09.05"]
[Round "2"]
[White "Schnoor, Ekkehard"]
[Black "Carow, Johannes"]
[Result "0-1"]
[WhiteElo "1997"]
[BlackElo "2245"]
[PlyCount "52"]
[EventDate "2012.09.05"]
[EventType "swiss (blitz)"]
[EventRounds "7"]
[EventCountry "GER"]
[SourceTitle "CBM 150 Extra"]
[Source "ChessBase"]
[SourceDate "2012.10.19"]
[SourceVersion "1"]
[SourceVersionDate "2012.10.19"]
[SourceQuality "1"]

1. e4 c5 2. Nf3 e6 3. d3 Nc6 4. g3 g6 5. Bg2 Bg7 6. 0-0 Nge7 7. Nbd2 0-0 8. h4 e5 9. h5 d6 10. Nc4 Rb8 11. a4 h6 12. hxg6 Nxg6 13. Ne3 Nce7 14. g4 Nf4 15. Nf5 Neg6 16. Ne1 Be6 17. c4 Qg5 18. Nc2 Nh4 19. Nxh4 Qxh4 20. Ne3 Kh8 21. Nf5 Bxf5 22. exf5 Bf6 23. Bxf4 exf4 24. Qf3 Be5 25. Rfe1 Rg8 26. f6 Rxg4 0-1